00880nam a2200205 a 450000100100000000500170001000800410002704000250006808200180009310000310011124500610014226000440020330000200024750000960026765000470036304900090041095201160041995201220053599900170065700002537120200930023735.0110215s1998 dr a 000 0 spa d aDO-SdBNPbspacBNPHU a291.17bP192i1 aPaniagua M., José95194513aLa iglesia ante la globalización /cJosé Paniagua M. aSanto Domingo :bEditora Taller,c1998. a92 p. ;c21 cm. aSugerencias práciticas para la iglesia ante el inminente fenómeno de la globalización 4aIglesia católicaxGlobalización951946 aBNPD 0010718PDaPDbPDcCTd2011-02-15iLF1l0o291.17 P192ip25371-10r2020-06-25w2020-06-25yLFPDZNo se presta 0010718PDaPDbPDcCTd2011-02-15iLF1l0o291.17 P192ip25371-20r2020-06-25te. 2w2020-06-25yLFPDZNo se presta c24863d24863